00828nam a2200217 a 450000100100000000500170001000800410002702000150006804000250008308200130010810000240012124501780014526000270032330000210035049000320037150400320040350000740043570000330050970000350054283000330057700002424820200930022838.0110125s1974 sp 000 0 spa d a8473390415 aDO-SdBNPbspacBNPHU ann*bnn*1 aHockett, Charles F.13aEl estado actual de la lingüística /cCharles F. Hockett ; traducción de Juan D. Luque Durán y Roberto Mayoral Asensio ; revisión y notas de Juan D. Luque Durán. aMadrid :bAkal,c1974. a139 p. ;c22 cm.1 aManifiesto. Lingüística aBibliografía : 133-137 p. aIncluye referencias bibliográficas y notas al pie de las páginas. aLuque Durán, Juan D.,etr.1 aMayoral Asensio, Roberto,etr. 0aManifiesto.pLingüística